Fertility status of rubber growing soils of Muvattupuzha taluk in Kerala (Record no. 51771)
[ view plain ]
| 000 -LEADER | |
|---|---|
| fixed length control field | 00561nam a2200205Ia 4500 |
| 100 ## - MAIN ENTRY--AUTHOR NAME | |
| Personal name | Ambily K.K. |
| 245 #0 - TITLE STATEMENT | |
| Title | Fertility status of rubber growing soils of Muvattupuzha taluk in Kerala |
| 260 ## - PUBLICATION, DISTRIBUTION, ETC. (IMPRINT) | |
| Name of publisher | Rubber Board Bulletin |
| Year of publication | 2000 |
| 300 ## - PHYSICAL DESCRIPTION | |
| Number of Pages | 42-45 |
| 650 ## - SUBJECT ADDED ENTRY--TOPICAL TERM | |
| Topical Term | Available phosphorus |
| 650 ## - SUBJECT ADDED ENTRY--TOPICAL TERM | |
| Topical Term | Fertility status |
| 650 ## - SUBJECT ADDED ENTRY--TOPICAL TERM | |
| Topical Term | Nutrient index |
| 650 ## - SUBJECT ADDED ENTRY--TOPICAL TERM | |
| Topical Term | Rubber growing soil |
| 700 ## - ADDED ENTRY--PERSONAL NAME | |
| Personal name | Jacob M. |
| 700 ## - ADDED ENTRY--PERSONAL NAME | |
| Personal name | Karthikakuttyamma M. |
| 700 ## - ADDED ENTRY--PERSONAL NAME | |
| Personal name | Mary C.P. |
| 700 ## - ADDED ENTRY--PERSONAL NAME | |
| Personal name | Mathew V. |
| 942 ## - ADDED ENTRY ELEMENTS (KOHA) | |
| Koha item type | Bibliography STAF |
| Withdrawn status | Lost status | Damaged status | Not for loan | Home library | Current library | Date acquired | Serial Enumeration / chronology | Koha item type |
|---|---|---|---|---|---|---|---|---|
| Bibliography | RRII Library | RRII Library | 09/04/2014 | Volume 27, Issue 4 | Bibliography STAF |